[Event "AUTO-ADV-3758"]
[Site "http://www.queenalice.com/game.php?id=1457690"]
[Date "2017.1.3"]
[Round "1"]
[White "Rafale2000"]
[Black "Dalri_Ultreya"]
[Result "1-0"]
[WhiteElo "1881"]
[BlackElo "1649"]

1. d4 d5 2. Nf3 Bf5 3. Bf4 h6 4. e3 Nf6 5. Bd3 e6 6. Bxf5 exf5 7. O-O Be7 8.
Nbd2 O-O 9. c4 dxc4 10. Nxc4 b5 11. Ncd2 c6 12. Re1 Nh5 13. Be5 f6 14. Qb3+ Qd5
15. Qxd5+ cxd5 16. Bc7 Na6 17. Ba5 Rab8 18. a3 b4 19. axb4 Nxb4 20. Rec1 Nd3 21.
Rc7 Rxb2 22. Rxe7 a6 23. Ra7 f4 24. e4 dxe4 25. Nxe4 Re8 26. Ned2 Nb4 27. Bxb4
Rxb4 28. R7xa6 g5 29. g4 Ng7 30. Rxf6 Kh7 31. Raa6 h5 32. Nxg5+ Kg8 33. d5 hxg4
34. Ne6 f3 35. Ra7 Nxe6 36. dxe6 Rd4 37. Rd7 Ra4 38. Rg6+ Kh8 39. Rd6 Ra1+ 40.
Nf1 Ra7 41. Rxg4 Rae7 42. Rd5 Rh7 43. Rf5 Rg7 44. Rxg7 Kxg7 45. Re5 Kf6 46. Re3
Rxe6 47. Rxe6+ Kxe6 48. Nd2 Kf5 49. Nxf3 Kf4 50. Kg2 Kg4 51. h3+ Kf4 52. h4 Kg4
53. Kh2 Kf4 54. Kh3 Kxf3 55. h5 Kxf2 56. h6 Kf3 57. h7 Ke4 58. h8=R Kd4 59. Rh5
Ke4 60. Kg3 Ke3 61. Rh4 Kd3 62. Kf3 Kc3 63. Ke3 Kc2 64. Rf4 Kc3 65. Rd4 Kb3 66.
Kd3 Kb2 67. Rb4+ Kc1 68. Rb3 Kd1 69. Rb1# 1-0

[Event "AUTO-ADV-3758"]
[Site "http://www.queenalice.com/game.php?id=1457691"]
[Date "2017.1.3"]
[Round "1"]
[White "Dalri_Ultreya"]
[Black "Rafale2000"]
[Result "0-1"]
[WhiteElo "1661"]
[BlackElo "1952"]

1. d4 Nf6 2. Bf4 g6 3. e3 Bg7 4. Bd3 O-O 5. Nf3 d6 6. h3 Nc6 7. O-O Re8 8. Nc3
e5 9. dxe5 dxe5 10. Bg5 h6 11. Bxf6 Bxf6 12. Qe2 Be6 13. Ne4 Bg7 14. a4 f5 15.
Nc5 e4 16. Nh2 exd3 17. cxd3 Bd5 18. Nxb7 Qg5 19. Nf3 f4 20. e4 Nd4 21. Nc5
Nxe2+ 22. Kh1 Be6 23. Nxg5 hxg5 24. Rfe1 Nd4 25. Rac1 Nb3 26. Nxb3 Bxb3 27. a5
Bxb2 28. Rxc7 Bd4 29. f3 Rec8 30. Rd7 Rd8 31. Rb7 Bc2 32. Kh2 Bxd3 33. Rc1 Bf2
34. Rb2 Bg3+ 35. Kh1 Rac8 36. Rd1 Be2 37. Rxd8+ Rxd8 38. Rb1 Rd1+ 39. Rxd1 Bxd1
40. Kg1 Be1 41. Kf1 Bxa5 42. e5 Bd2 43. e6 a5 44. e7 Kf7 0-1

[Event "AUTO-ADV-3758"]
[Site "http://www.queenalice.com/game.php?id=1457702"]
[Date "2017.1.3"]
[Round "1"]
[White "brettsinclair"]
[Black "Dalri_Ultreya"]
[Result "0-1"]
[WhiteElo "1758"]
[BlackElo "1664"]

1. e4 e5 2. Nf3 Nc6 3. Bb5 d6 4. d4 a6 5. Bxc6+ bxc6 6. dxe5 d5 7. exd5 cxd5 8.
O-O c6 9. Re1 Be6 10. h3 Ne7 11. Bg5 h6 12. Bh4 Qc7 13. Nc3 Nf5 14. Bf6 gxf6 15.
exf6 O-O-O 16. Ne5 Bd6 17. Nf3 Rhg8 0-1

[Event "AUTO-ADV-3758"]
[Site "http://www.queenalice.com/game.php?id=1457703"]
[Date "2017.1.3"]
[Round "1"]
[White "Dalri_Ultreya"]
[Black "brettsinclair"]
[Result "1-0"]
[WhiteElo "1642"]
[BlackElo "1780"]

1. d4 Nf6 2. Bf4 g6 3. e3 Bg7 4. h3 d6 5. Nf3 O-O 6. Bd3 Nbd7 7. O-O Re8 8. Nc3
e5 9. dxe5 dxe5 10. Nxe5 Nxe5 11. Bb5 c6 12. Ba4 b5 13. Bb3 Bb7 14. Qe2 a6 15.
Rad1 Qe7 16. a4 bxa4 17. Bxa4 Qb4 18. Bb3 1-0

[Event "AUTO-ADV-3758"]
[Site "http://www.queenalice.com/game.php?id=1457710"]
[Date "2017.1.3"]
[Round "1"]
[White "Dalri_Ultreya"]
[Black "chessman"]
[Result "0-1"]
[WhiteElo "1670"]
[BlackElo "1849"]

1. d4 d5 2. Bf4 e6 3. e3 c5 4. Nf3 Nf6 5. Be5 cxd4 6. Bxd4 Bd6 7. Bd3 O-O 8. O-O
Re8 9. h3 e5 10. Bc3 e4 11. Bb5 Bd7 12. Bxd7 Qxd7 13. a3 exf3 14. Qxf3 Ne4 15.
Bd4 Nc6 16. c3 Nxd4 17. cxd4 Bc7 18. Qd1 f5 19. Nc3 Qd6 20. Nb5 Qh2# 0-1

[Event "AUTO-ADV-3758"]
[Site "http://www.queenalice.com/game.php?id=1457711"]
[Date "2017.1.3"]
[Round "1"]
[White "chessman"]
[Black "Dalri_Ultreya"]
[Result "1-0"]
[WhiteElo "1869"]
[BlackElo "1657"]

1. e4 e5 2. Nf3 Nc6 3. Bb5 d6 4. d4 a6 5. Bxc6+ bxc6 6. dxe5 Bg4 7. exd6 cxd6 8.
O-O h6 9. Re1 Qc7 10. Nc3 Be7 11. Qd3 Nf6 12. Bf4 O-O 13. h3 Bh5 14. Qe3 Qb7 15.
b3 Bg6 16. Rad1 c5 17. Bxd6 Rfe8 18. Bxe7 Rxe7 19. Qxc5 Nxe4 20. Nxe4 Bxe4 21.
c4 Rc8 22. Qh5 Rce8 23. Nd4 Bxg2 24. Rxe7 Rxe7 25. Nf5 Re8 26. Nxh6+ Kf8 27.
Qxf7+ Qxf7 28. Nxf7 Kxf7 29. Kxg2 Re2 30. Ra1 g5 31. Kg3 Kf6 32. f3 Kf5 33. c5
a5 34. Rc1 Re7 35. c6 Rc7 36. a3 Ke6 37. h4 gxh4+ 38. Kxh4 Kd6 39. b4 axb4 40.
axb4 Rxc6 41. Rxc6+ Kxc6 42. Kg5 Kb5 43. f4 Kxb4 44. Kg4 Kc4 45. Kf5 Kd4 46. Ke6
Ke3 47. f5 Ke4 48. f6 Kf4 49. f7 Ke4 50. f8=Q Kd4 51. Qf3 Kc4 52. Ke5 Kc5 53.
Qc3+ Kb5 54. Kd5 Kb6 55. Qc5+ Kb7 56. Qc6+ Kb8 57. Qd7 Ka8 58. Kc6 1-0

[Event "OS INCLIVEIS"]
[Site "http://www.queenalice.com/game.php?id=1464540"]
[Date "2017.2.14"]
[Round "-"]
[White "adelio"]
[Black "Dalri_Ultreya"]
[Result "1-0"]
[WhiteElo "1485"]
[BlackElo "1700"]

1. d4 d5 2. e4 dxe4 3. Nc3 Nf6 4. f3 exf3 5. Nxf3 Bf5 6. Ne5 e6 7. g4 Bg6 8. Bg5
h6 9. Bh4 Be7 10. Nxg6 fxg6 11. Bxf6 Bxf6 12. Ne2 Nc6 13. c3 Qd5 14. Ng3 O-O-O
15. Qc2 g5 16. Bg2 Qd6 17. Ne4 Qf4 18. Qe2 Be7 19. Ng3 Qd6 20. O-O-O Qf4+ 21.
Kb1 Qd6 22. Bxc6 Qxc6 23. Ne4 Rhf8 24. Nc5 Kb8 25. Nxe6 Rd6 26. Nxf8 Bxf8 27.
Rhe1 Rd8 28. d5 Qd6 29. Qe8 Kc8 30. Qe6+ Qd7 31. c4 Bc5 32. Re4 b6 33. Rde1 Kb7
34. Qc6+ Qxc6 35. dxc6+ Kxc6 36. a3 Kb7 37. b4 Bd6 38. c5 bxc5 39. R1e2 Rf8 40.
bxc5 Bxc5 41. Re5 Rf1+ 42. Ka2 Bd6 43. Rb5+ Ka6 44. Reb2 Rf3 45. R5b3 Rf4 46. h3
c5 47. Rd2 Be7 48. Rd7 c4 49. Rbb7 Rf2+ 50. Kb1 Rf1+ 51. Kc2 Rf2+ 52. Kd1 Bc5
53. Ke1 c3 54. Rbc7 Bb6 55. Rxc3 Ra2 56. Rcd3 Bc5 57. Rxg7 Ra1+ 58. Kd2 Bxa3 59.
Rb3 Bc1+ 60. Kc2 Bf4 61. Rbb7 Rc1+ 62. Kd3 Rd1+ 63. Kc2 Rc1+ 64. Kd3 Rd1+ 65.
Kc2 Rd2+ 66. Kc3 Be3 67. Rh7 Rd6 68. Rbc7 Bb6 69. Rc8 Ba5+ 70. Kc4 Bb6 71. Rch8
Rd4+ 72. Kc3 Rd6 73. Rxh6 Rd7 74. R8h7 1-0

[Event "OS INCLIVES"]
[Site "http://www.queenalice.com/game.php?id=1464541"]
[Date "2017.2.14"]
[Round "-"]
[White "Dalri_Ultreya"]
[Black "adelio"]
[Result "1-0"]
[WhiteElo "1703"]
[BlackElo "1692"]

1. d4 d5 2. Bf4 e6 3. e3 c5 4. dxc5 Bxc5 5. Bd3 g6 6. Nf3 Nc6 7. Ne5 Nxe5 8.
Bxe5 f6 9. Bc3 e5 10. b4 Bb6 11. O-O Ne7 12. a4 h5 13. a5 Bc7 14. Na3 h4 15. h3
g5 16. Bb5+ Bd7 17. Bxd7+ Qxd7 18. Qe2 Nf5 19. Nb5 a6 20. Nxc7+ Qxc7 21. Ra3 b6
22. Bb2 bxa5 23. Rxa5 Qd6 24. Ba3 Qb8 25. Rxa6 O-O 26. Rxa8 Qxa8 27. Ra1 Ng3 28.
fxg3 hxg3 29. Qg4 Rc8 30. Bb2 Qb7 31. c3 Re8 32. Qxg3 Qb6 33. Ra5 d4 34. exd4
exd4 35. cxd4 Qxb4 36. Bc3 Qb1+ 37. Kh2 Qe4 38. Ra6 Qg6 39. d5 Rf8 40. d6 f5 41.
Qd3 Qe8 42. Qd4 Qg6 43. Qh8+ Kf7 44. Ra7+ Ke8 45. Ra8+ Kd7 46. Qxf8 Qxd6+ 47. g3
Qxf8 48. Rxf8 f4 49. g4 Ke6 50. Bf6 Kd5 51. Bxg5 Kc4 52. Rxf4+ Kd3 53. h4 Kc3
54. h5 Kd3 55. h6 Kc3 56. h7 Kd3 57. h8=Q Kc2 58. Rd4 Kb1 59. Rc4 Ka2 60. Qb8
Ka1 61. Ra4# 1-0

[Event "AUTO-OPEN-3785"]
[Site "http://www.queenalice.com/game.php?id=1472078"]
[Date "2017.4.5"]
[Round "1"]
[White "Dalri_Ultreya"]
[Black "ismaelfln"]
[Result "0-1"]
[WhiteElo "1728"]
[BlackElo "1646"]

1. d4 d5 2. Bf4 Nc6 3. Nf3 Bg4 4. e3 Bxf3 5. Qxf3 e6 6. Bb5 Nf6 7. O-O a6 8.
Bxc6+ bxc6 9. a3 Bd6 10. Bg5 Rb8 11. b4 O-O 12. Nd2 e5 13. c3 exd4 14. cxd4 Qe7
15. Rac1 Rb6 16. h3 Ra8 17. Rfe1 a5 18. b5 Bxa3 19. Rc3 Bb4 20. Rxc6 Rxc6 21.
bxc6 Bxd2 22. Rb1 a4 0-1

[Event "AUTO-OPEN-3785"]
[Site "http://www.queenalice.com/game.php?id=1472079"]
[Date "2017.4.5"]
[Round "1"]
[White "ismaelfln"]
[Black "Dalri_Ultreya"]
[Result "0-1"]
[WhiteElo "1772"]
[BlackElo "1675"]

1. e4 e5 2. Nf3 Nc6 3. Bb5 d6 4. Bxc6+ bxc6 5. O-O c5 6. d3 Bg4 7. h3 Bh5 8. g4
Bg6 9. h4 h5 10. g5 f6 11. gxf6 Nxf6 12. Bg5 Be7 13. Bxf6 Bxf6 14. Kg2 O-O 15.
c4 Bxh4 16. Nxh4 Qxh4 17. f3 Qg5+ 18. Kf2 Rf4 19. Rg1 Qf6 20. Nc3 Rf8 21. Rg3
Qh4 22. Nb5 Rxf3+ 23. Ke2 Qxg3 24. Nc3 Rf2+ 25. Ke1 Rf1+ 26. Kd2 R8f2+ 27. Ne2
Rxd1+ 28. Rxd1 Qf4+ 29. Kc3 Rxe2 30. a3 a5 31. b4 cxb4+ 32. axb4 axb4+ 33. Kxb4
c5+ 34. Kc3 Qf2 35. Ra1 Rc2+ 36. Kb3 Rb2+ 37. Ka4 Qc2+ 38. Ka5 Qb3 39. Ka6 Qb6#
0-1

[Event "AUTO-OPEN-3785"]
[Site "http://www.queenalice.com/game.php?id=1472080"]
[Date "2017.4.5"]
[Round "1"]
[White "Dalri_Ultreya"]
[Black "Takeda"]
[Result "0-1"]
[WhiteElo "1677"]
[BlackElo "1914"]

1. d4 d5 2. Bf4 Nc6 3. Nf3 Nf6 4. e3 Bg4 5. h3 Bh5 6. Be2 e6 7. O-O Bd6 8. Ne5
Bxe2 9. Qxe2 O-O 10. c3 Nd7 11. Nxc6 bxc6 12. Qa6 Bxf4 13. exf4 Nb6 14. a4 Qd6
15. g3 c5 16. dxc5 Qxc5 17. Qd3 Qd6 18. b3 c5 19. Nd2 a5 20. Qb5 Rfb8 21. Qe2
Nd7 22. c4 Nb6 23. Rfd1 Qc6 24. Nf3 f6 0-1

[Event "AUTO-OPEN-3785"]
[Site "http://www.queenalice.com/game.php?id=1472081"]
[Date "2017.4.5"]
[Round "1"]
[White "Takeda"]
[Black "Dalri_Ultreya"]
[Result "1-0"]
[WhiteElo "1927"]
[BlackElo "1683"]

1. e4 e5 2. Nf3 Nc6 3. d4 exd4 4. Nxd4 Nf6 5. Bg5 h6 6. Nxc6 bxc6 7. Bxf6 Qxf6
8. Nc3 Bb4 9. Qd3 O-O 10. Be2 d6 11. O-O Re8 12. f3 Re5 13. Nd1 Bc5+ 14. Kh1 d5
15. Ne3 dxe4 16. fxe4 Bb7 17. Rxf6 gxf6 18. Ng4 Re6 19. Nxh6+ Kf8 20. Qg3 Rae8
21. Qg8+ Ke7 22. Qxf7+ Kd8 23. Rd1+ Bd6 24. Bg4 1-0

[Event "AUTO-OPEN-3785"]
[Site "http://www.queenalice.com/game.php?id=1472082"]
[Date "2017.4.5"]
[Round "1"]
[White "Dalri_Ultreya"]
[Black "Squarepants"]
[Result "0-1"]
[WhiteElo "1670"]
[BlackElo "1997"]

1. d4 d5 2. Bf4 e6 3. Nc3 Bd6 4. e3 Nf6 5. Nf3 Nc6 6. Ne5 O-O 7. Bb5 Bd7 8. O-O
Re8 9. Nxd7 Qxd7 10. Bg5 Ne4 11. Nxe4 dxe4 12. a4 h6 13. Bh4 g5 14. Bg3 Bxg3 15.
fxg3 a6 16. Bc4 Rf8 17. Rf6 Kg7 18. Qf1 Nb4 19. Qf2 Nxc2 20. Ra2 Nxe3 21. Qxe3
Kxf6 22. Qxe4 Rad8 23. Qe5+ Ke7 24. b3 Qxd4+ 25. Qxd4 Rxd4 26. h3 Kf6 0-1

[Event "AUTO-OPEN-3785"]
[Site "http://www.queenalice.com/game.php?id=1472083"]
[Date "2017.4.5"]
[Round "1"]
[White "Squarepants"]
[Black "Dalri_Ultreya"]
[Result "1-0"]
[WhiteElo "1991"]
[BlackElo "1687"]

1. d4 d5 2. c4 dxc4 3. e4 b5 4. Bf4 Nf6 5. Nc3 a6 6. e5 Nd5 7. Nxd5 c6 8. Ne3 e6
9. a3 Be7 10. Be2 O-O 11. Bg4 h6 12. a4 Bb4+ 13. Kf1 f6 14. exf6 Rxf6 15. Be5
Rg6 16. Bf3 Nd7 17. axb5 cxb5 18. Bxa8 Nxe5 19. dxe5 Qd3+ 20. Qxd3 Rg5 21. Qd8+
1-0

[Event "AUTO-ADV-3818"]
[Site "http://www.queenalice.com/game.php?id=1474091"]
[Date "2017.4.18"]
[Round "1"]
[White "Dalri_Ultreya"]
[Black "NickThorp"]
[Result "0-1"]
[WhiteElo "1667"]
[BlackElo "1558"]

1. d4 d5 2. Bf4 Bf5 3. e3 e6 4. Nf3 Bd6 5. Ne5 Bxe5 6. Bxe5 Nc6 7. Bxg7 f6 8.
Bxh8 Nh6 9. Qh5+ Nf7 10. Bd3 Bxd3 11. cxd3 Qe7 12. Qxh7 Nxh8 13. Qxh8+ Qf8 14.
Qh5+ Ke7 15. O-O Kd6 16. Nc3 a6 17. a3 b5 18. f4 f5 19. b4 Ne7 20. a4 bxa4 21.
Rxa4 Qe8 22. e4 fxe4 23. Qe5+ Kd7 24. b5 a5 25. b6 cxb6 26. Nb5 Qb8 27. Rc1 Qxe5
28. dxe5 Ng6 0-1

[Event "AUTO-ADV-3818"]
[Site "http://www.queenalice.com/game.php?id=1474092"]
[Date "2017.4.18"]
[Round "1"]
[White "NickThorp"]
[Black "Dalri_Ultreya"]
[Result "1-0"]
[WhiteElo "1578"]
[BlackElo "1647"]

1. e4 e5 2. Nf3 Bc5 3. Nc3 d6 4. Bb5+ Bd7 5. Bxd7+ Qxd7 6. d3 Nf6 7. Bg5 h6 8.
Bxf6 gxf6 9. Nd5 Qd8 10. O-O Nc6 11. a3 Nd4 12. Nxd4 exd4 13. Qf3 c6 14. Nxf6+
Kf8 15. b4 Bb6 16. Qf5 Qc7 17. c4 Rd8 18. c5 dxc5 19. bxc5 Ba5 20. Rab1 Qe7 21.
Nh7+ Ke8 22. Nf6+ Kf8 23. a4 b6 24. cxb6 axb6 25. Rfc1 c5 26. Nd5 Qd6 27. h3 Re8
28. Nf6 Re7 29. Nd5 1-0

[Event "AUTO-ADV-3818"]
[Site "http://www.queenalice.com/game.php?id=1474093"]
[Date "2017.4.18"]
[Round "1"]
[White "Dalri_Ultreya"]
[Black "tewald"]
[Result "0-1"]
[WhiteElo "1695"]
[BlackElo "1991"]

1. d4 Nf6 2. Bf4 c5 3. d5 b5 4. e3 Bb7 5. Bxb5 Nxd5 6. Bg3 Qa5+ 7. Qd2 Qxb5 8.
b3 Nf6 9. a4 Qb4 10. Nc3 Nd5 11. Nge2 g6 12. O-O Ba6 13. Rfd1 Nf6 14. Nb5 Bxb5
15. axb5 Qxb5 16. Nc3 Qb7 17. Ra5 Bg7 18. Rxc5 O-O 19. Rb5 Qc6 20. Qe2 Qxc3 21.
Be5 Qc6 22. c4 a6 23. Ra5 Qb6 24. Ra3 Ne4 25. Bxg7 Kxg7 26. Rc1 Qb4 27. Rca1 Nc3
28. Qb2 Kg8 29. Kh1 Ne4 30. Ra4 Qd2 31. Qxd2 Nxd2 32. R4a3 Rc8 0-1

[Event "AUTO-ADV-3818"]
[Site "http://www.queenalice.com/game.php?id=1474094"]
[Date "2017.4.18"]
[Round "1"]
[White "tewald"]
[Black "Dalri_Ultreya"]
[Result "1-0"]
[WhiteElo "1995"]
[BlackElo "1691"]

1. d4 d5 2. Bf4 Bf5 3. c4 dxc4 4. e3 b5 5. a3 c6 6. g4 Be4 7. f3 Bxb1 8. Rxb1 e6
9. Bg2 Nf6 10. Qc2 Be7 11. Ne2 O-O 12. h4 Nd5 13. Qe4 Nd7 14. g5 Nxf4 15. Qxf4
f6 16. Qe4 fxg5 17. hxg5 g6 18. Qxc6 a6 19. Qxe6+ Kg7 20. Nf4 Bxg5 21. Nh3 Re8
22. Qd6 Bxe3 23. Kd1 Nf6 24. Qxd8 Rexd8 25. f4 Bxd4 26. Bxa8 Rxa8 27. Ng5 Be3
28. Kc2 h6 29. Nf3 Bxf4 30. Nd4 h5 31. Ne6+ Kh6 32. Nxf4 1-0